Statistiques concernant Evénements du 7 avril

Cliquez ici pour prendre le quiz!

Statistiques générales

  • Ce quiz a été pris 31 fois
  • Le résultat moyen est 6 sur 15

Statistiques - réponses

HintRéponse% Correct
Début du génocide au Rwanda1994
93%
Pillage de Metz par Attila451
93%
Adoption en France du système métrique1795
83%
Abolition de la traite des Noirs par les Etats-Unis et l'Angleterre1861
72%
Naissance d'Axel Bauer1961
62%
Naissance de la chanteuse Billie Holiday1915
28%
Naissance du réalisateur Francis Ford Coppola1939
24%
Naissance du cuisinier Joël Robuchon1945
24%
Mariage de Charles de Gaulle et Yvonne Vendroux1921
21%
Naissance de l'industriel Yves Rocher1930
21%
Naissance de Michèle Torr1947
21%
Naissance de l'athlète Colette Besson1946
17%
Fondation de l'Organisation Mondiale de la Santé1948
17%
Naissance de l'actrice Sophie Desmarets1922
14%
Naissance de l'actrice Jackie Sardou1919
10%

Distribution des résultats

Percentile par nombre de réponses

% des personnes avec chaque résultat

Votre développement - résultats

Vous n’avez pas pris ce quiz